Коммуникация как форма существования и развития национальных литератур и культур: монография

Opis bibliograficzny
1. autor: Песоцкая С. А. Светлана Александровна
Korporacja: Национальный исследовательский Томский политехнический университет (ТПУ)
Streszczenie:Монография описывает процессы, характерные для внутрикультурной и межкультурной коммуникации новейшего времени, которые демонстрируются на широком эмпирическом материале исследования художественной культуры. Внутрикультурная коммуникация рассматривается как механизм, обеспечивающий устойчивость национальной культурной традиции, межкультурная -как гарант модернизации национальных культур. Взаимодействие этих уровней коммуникации постулируется как условие жизнеспособности и продуктивного развития культуры. Базовые характеристики культуры иллюстрируются примерами из произведений художественной литературы. Предназначена для широкого круга специалистов гуманитарного профиля -культуроведов, искусствоведов, литературоведов и др.
Język:rosyjski
Wydane: Томск, Изд-во ТПУ, 2010
Hasła przedmiotowe:
Format: MixedMaterials Książka
KOHA link:https://koha.lib.tpu.ru/cgi-bin/koha/opac-detail.pl?biblionumber=183718

MARC

LEADER 00000nam0a2200000 4500
001 183718
005 20231101223800.0
010 |a 9785982985941 
035 |a (RuTPU)RU\TPU\book\199173 
090 |a 183718 
100 |a 20100819d2010 k y0rusy50 ca 
101 0 |a rus 
102 |a RU 
105 |a a z 001zy 
200 1 |a Коммуникация как форма существования и развития национальных литератур и культур  |e монография  |f С. А. Песоцкая  |g Национальный исследовательский Томский политехнический университет (ТПУ) 
210 |a Томск  |c Изд-во ТПУ  |d 2010 
215 |a 380 с.  |c ил. 
320 |a Библиогр.: с. 366-379. 
330 |a Монография описывает процессы, характерные для внутрикультурной и межкультурной коммуникации новейшего времени, которые демонстрируются на широком эмпирическом материале исследования художественной культуры. Внутрикультурная коммуникация рассматривается как механизм, обеспечивающий устойчивость национальной культурной традиции, межкультурная -как гарант модернизации национальных культур. Взаимодействие этих уровней коммуникации постулируется как условие жизнеспособности и продуктивного развития культуры. Базовые характеристики культуры иллюстрируются примерами из произведений художественной литературы. Предназначена для широкого круга специалистов гуманитарного профиля -культуроведов, искусствоведов, литературоведов и др. 
452 1 |0 (RuTPU)RU\TPU\book\220928  |t Коммуникация как форма существования и развития национальных литератур и культур  |o монография  |f С. А. Песоцкая  |g Национальный исследовательский Томский политехнический университет (ТПУ)  |c Томск  |n Изд-во ТПУ  |d 2010  |a Песоцкая, Светлана Александровна 
606 1 |a Межкультурная коммуникация  |x Общие вопросы  |2 stltpush  |3 (RuTPU)RU\TPU\subj\67936  |9 83528 
610 1 |a культура 
610 1 |a культурология 
610 1 |a межкультурное взаимодействие 
610 1 |a художественная культура 
610 1 |a художественные тексты 
610 1 |a коммуникативный подход 
610 1 |a интерпретация 
610 1 |a поликультурная личность 
610 1 |a национальные культуры 
610 1 |a монографии 
686 |a Ч114  |v LBC/SL-A  |2 rubbk 
700 1 |a Песоцкая  |b С. А.  |c лингвист  |c доцент Кафедры лингвистики и переводоведения Томского политехнического университета  |g Светлана Александровна  |2 stltpush  |3 (RuTPU)RU\TPU\pers\24559 
712 0 2 |a Национальный исследовательский Томский политехнический университет (ТПУ)  |c (2009- )  |2 stltpush  |3 (RuTPU)RU\TPU\col\15902 
801 1 |a RU  |b 63413507  |c 20100819 
801 2 |a RU  |b 63413507  |c 20150611  |g RCR 
942 |c BK